00408 a2200145 4500003000400000005001700004008004100021020001500062040000900077082001500086100001800101245008800119260004500207300001000252OSt20230916113503.0230916b |||||||| |||| 00| 0 eng d a8172160461 coclc a613bMUR/R aMoorthy, A. M aResearch methods in physical education, sports, and exercise sciences /cA M Murthy aNew Delhi:bFriends Publications,c2009. a270 p